| 000 | 00533nam a2200193 a 4500 | ||
|---|---|---|---|
| 999 |
_c20177 _d20177 |
||
| 005 | 20180511111907.0 | ||
| 008 | 180511s2017 ck u|m|r|||| 00| 0 spa d | ||
| 040 |
_aCO-BoIAVH _cCO-BoIAVH |
||
| 041 | 0 | _aspa | |
| 044 | _ack | ||
| 090 | _aSE- | ||
| 245 | 0 | 0 | _aCarbón, la base de todo |
| 260 |
_aBogotá (Colombia) : _bSemana, _c2017. |
||
| 300 |
_bilustraciones y fotografías a color ; _c28 cm. |
||
| 310 | _az | ||
| 650 | 2 | 6 |
_aMinería _zColombia |
| 650 | 2 | 6 |
_aRecursos minerales _zColombia |
| 942 |
_2z _cREVISTA |
||